书目信息 |
| 题名: |
Flash 5 创意设计精粹(附光盘)
|
|
| 作者: | 数字时代工作室 | |
| 分册: | ||
| 出版信息: | 北京 人民邮电出版社 2001.4 |
|
| 页数: | 452页 | |
| 开本: | 26cm | |
| 丛书名: | ||
| 单 册: | ||
| 中图分类: | TP393.092 | |
| 科图分类: | ||
| 主题词: | 计算机应用 | |
| 电子资源: | ||
| ISBN: | 7-115-09253-2 | |
| 000 | 00624nam0 2200193 45 | |
| 001 | 0259495238 | |
| 005 | 2002051716313485 | |
| 010 | @a7-115-09253-2@dRMB 49.00 | |
| 100 | @a20020517d2001 km y0chiy0120 ea | |
| 101 | 0 | @achi |
| 102 | @aCN@b110000 | |
| 200 | 1 | @aFlash 5 创意设计精粹(附光盘)@AFlash 5 Chuang Yi She Ji Jing Cui(Fu Guang Pan)@f数字时代工作室@FShu Zi Shi Dai Gong Zuo Shi |
| 210 | @a北京@c人民邮电出版社@d2001.4 | |
| 215 | @a452页@d26cm | |
| 606 | 0 | @a计算机应用 |
| 690 | @aTP393.092@v3 | |
| 701 | 0 | @a数字时代工作室@AShu Zi Shi Dai Gong Zuo Shi |
| 801 | 0 | @aCN@bPFT@c20020517 |
| 905 | @a安徽大学@dTP393.092@eS6611 | |
| Flash 5 创意设计精粹(附光盘)/数字时代工作室.-北京:人民邮电出版社,2001.4 |
| 452页;26cm |
| ISBN 7-115-09253-2:RMB 49.00 |
| ● |
| 相关链接 |
|
|
|
正题名:Flash 5 创意设计精粹(附光盘)
索取号:TP393.092/S6611
 
预约/预借
| 序号 | 登录号 | 条形码 | 馆藏地/架位号 | 状态 | 备注 |
| 1 | 354942 | 203549428 | 自科二线400A/400A自科库 7排2列6层/ [索取号:TP393.092/S6611] | 在馆 | |
| 2 | 354943 | 203549437 | 自科库301/ [索取号:TP393.092/S6611] | 在馆 |